| 000 | 00000nam##2200000za#4500 |
| 001 | 9.643666 |
| 003 | CaOODSP |
| 005 | 20210624224256 |
| 007 | cr ||||||||||| |
| 008 | 150407|1970||||xxc|||||o f|0| 0 fre|d |
| 040 | |aCaOODSP|bfre |
| 043 | |an-cn--- |
| 086 | 1 |aA63-1082/1970F-PDF |
| 110 | 1 |aCanada.|bAgriculture Canada. |bInstitut de recherches sur les aliments. |
| 245 | 13|aLa mammite / |h[ressource électronique]|c[par] James A. Elliott. |
| 260 | |aOttawa - Ontario : |bAgriculture Canada. |c1970. |
| 300 | |a8p.|bill. |
| 500 | |aPublication historique numerisée par Agriculture et Agroalimentaire Canada. |
| 590 | |a15-01-Supp|b2015-01-26 |
| 691 | 07|aBétail|2gcpds |
| 691 | 07|aIndustrie laitière|2gcpds |
| 691 | 07|aMaladie animale|2gcpds |
| 856 | 40|ahttp://publications.gc.ca|qPDF|s528 Ko|uhttps://publications.gc.ca/collections/collection_2014/aac-aafc/agrhist/A63-1082-1970-fra.pdf |
| 986 | |a1082 |